[Event "Lleida Region-ch"]
[Site "Lleida"]
[Date "2021.11.21"]
[Round "7"]
[White "Pera Lucas, Eugeni"]
[Black "Codina Garcia, Jose"]
[Result "1/2-1/2"]
[WhiteElo "1764"]
[BlackElo "1892"]
[PlyCount "39"]
[EventDate "2021.10.03"]
[EventType "swiss"]
[EventRounds "8"]
[EventCountry "ESP"]
[SourceTitle "EXT 2023"]
[Source "ChessBase"]
[SourceDate "2022.10.05"]
[SourceVersion "1"]
[SourceVersionDate "2022.10.05"]
[SourceQuality "1"]

1. e4 e6 2. d4 d5 3. e5 c5 4. c3 Ne7 5. Nf3 Nec6 6. Bd3 b6 7. Qe2 a5 8. Na3 Ba6 9. Bxa6 Nxa6 10. Bg5 Qc8 11. Nb5 c4 12. 0-0 Qd7 13. b3 cxb3 14. axb3 Nc7 15. Nxc7+ Qxc7 16. Ra4 Be7 17. Rc1 Bxg5 18. Nxg5 h6 19. Nf3 0-0 20. c4 1/2-1/2

[Event "Lleida Regional-ch"]
[Site "Lleida"]
[Date "2019.12.01"]
[Round "7"]
[White "Pera Lucas, Eugeni"]
[Black "Estruch Andreu, Guim"]
[Result "1/2-1/2"]
[WhiteElo "1718"]
[BlackElo "1869"]
[PlyCount "47"]
[EventDate "2019.10.13"]
[EventType "swiss"]
[EventRounds "9"]
[EventCountry "ESP"]
[SourceTitle "CBM 193 Extra"]
[Source "ChessBase"]
[SourceDate "2020.01.31"]
[SourceVersion "1"]
[SourceVersionDate "2020.01.31"]
[SourceQuality "1"]

1. e4 c5 2. Nf3 e6 3. d4 cxd4 4. Nxd4 a6 5. Be2 Nf6 6. Nc3 Bb4 7. Qd3 Qc7 8. 0-0 Nc6 9. Nf3 0-0 10. Bg5 Be7 11. h3 Rd8 12. Qe3 d6 13. Rfd1 b5 14. Rd2 Bb7 15. Bd3 Ne5 16. Nxe5 dxe5 17. a3 Ne8 18. Bxe7 Qxe7 19. Rad1 Rac8 20. Ne2 Nd6 21. f3 Rc7 22. Nc1 f6 23. Nb3 Rdc8 24. c3 1/2-1/2

[Event "Lleida Regional-ch"]
[Site "Lleida"]
[Date "2019.10.20"]
[Round "2"]
[White "Roma Barge, Gabriel"]
[Black "Pera Lucas, Eugeni"]
[Result "1-0"]
[WhiteElo "2086"]
[BlackElo "1718"]
[PlyCount "63"]
[EventDate "2019.10.13"]
[EventType "swiss"]
[EventRounds "9"]
[EventCountry "ESP"]
[SourceTitle "CBM 193 Extra"]
[Source "ChessBase"]
[SourceDate "2020.01.31"]
[SourceVersion "1"]
[SourceVersionDate "2020.01.31"]
[SourceQuality "1"]

1. e4 e5 2. Nf3 Nc6 3. c3 Nf6 4. d4 exd4 5. e5 Ng4 6. cxd4 d5 7. Bb5 Be7 8. Qa4 Bd7 9. Nc3 a6 10. Nxd5 Rc8 11. Nxe7 Qxe7 12. Bxc6 Bxc6 13. Qb3 Qd7 14. 0-0 Rd8 15. h3 Bd5 16. Qa3 Nh6 17. Bg5 Rc8 18. Nh4 c5 19. dxc5 0-0 20. Rad1 Qc6 21. Qg3 Kh8 22. f4 Be4 23. f5 Qxc5+ 24. Be3 Qc7 25. Rd4 Bc6 26. f6 Rg8 27. Bg5 Rce8 28. fxg7+ Rxg7 29. Bf6 Reg8 30. Rfd1 Qb6 31. Kh2 Qxb2 32. Rd8 1-0

[Event "Lleida-ch"]
[Site "Almenar"]
[Date "2018.11.25"]
[Round "8"]
[White "Pera Lucas, Eugeni"]
[Black "Masague Artero, Guerau"]
[Result "0-1"]
[WhiteElo "1779"]
[BlackElo "2218"]
[PlyCount "54"]
[EventDate "2018.09.30"]
[EventType "swiss"]
[EventRounds "9"]
[EventCountry "ESP"]
[SourceTitle "CBM 187 Extra"]
[Source "ChessBase"]
[SourceDate "2018.11.04"]
[SourceVersion "1"]
[SourceVersionDate "2018.11.04"]
[SourceQuality "1"]

1. e4 c5 2. Nf3 Nc6 3. d4 cxd4 4. Nxd4 Nf6 5. Nc3 e5 6. Ndb5 d6 7. Bg5 a6 8. Na3 b5 9. Nd5 Be7 10. Nxe7 Qxe7 11. c3 h6 12. Bh4 Bb7 13. Bd3 Nd8 14. f3 Ne6 15. Bf2 Nf4 16. Bf1 0-0 17. Nc2 d5 18. exd5 Rad8 19. Ne3 N6xd5 20. Qc2 Nxe3 21. Bxe3 Rfe8 22. Rd1 Bd5 23. Rd2 e4 24. Bxb5 exf3 25. Kd1 Qxe3 26. Bxe8 fxg2 27. Bxf7+ Kh8 0-1

[Event "Lleida-ch"]
[Site "Almenar"]
[Date "2018.09.30"]
[Round "1"]
[White "Pera Lucas, Eugeni"]
[Black "Sanuy Moncasi, Albert"]
[Result "1-0"]
[WhiteElo "1779"]
[BlackElo "1940"]
[PlyCount "57"]
[EventDate "2018.09.30"]
[EventType "swiss"]
[EventRounds "9"]
[EventCountry "ESP"]
[SourceTitle "CBM 187 Extra"]
[Source "ChessBase"]
[SourceDate "2018.11.04"]
[SourceVersion "1"]
[SourceVersionDate "2018.11.04"]
[SourceQuality "1"]

1. e4 b6 2. d4 Bb7 3. Bd3 e6 4. Nf3 c5 5. 0-0 Nf6 6. Re1 Be7 7. c4 cxd4 8. Nxd4 Nc6 9. Nxc6 dxc6 10. Qc2 Qc7 11. Nd2 0-0-0 12. Nf3 Ng4 13. e5 h5 14. Bf4 Rd7 15. Rad1 Bc5 16. Bg3 Bb4 17. Rf1 Be7 18. Be4 Rhd8 19. Rxd7 Rxd7 20. Rd1 g5 21. Rxd7 Qxd7 22. h4 gxh4 23. Nxh4 Bxh4 24. Bxh4 Nxe5 25. Qc3 Qd1+ 26. Kh2 Ng4+ 27. Kg3 Qd6+ 28. f4 Qc5 29. Qh8+ 1-0

[Event "Lleida-ch"]
[Site "Bellcaire"]
[Date "2016.10.16"]
[Round "3"]
[White "Pera Lucas, Eugeni"]
[Black "Princep Homedes, Jaume"]
[Result "1-0"]
[WhiteElo "1931"]
[BlackElo "1850"]
[PlyCount "71"]
[EventDate "2016.10.02"]
[EventType "swiss"]
[EventRounds "9"]
[EventCountry "ESP"]
[SourceTitle "EXT 2018"]
[Source "ChessBase"]
[SourceDate "2017.10.13"]
[SourceVersion "1"]
[SourceVersionDate "2017.10.13"]
[SourceQuality "1"]

1. e4 c5 2. Nf3 d6 3. d4 cxd4 4. Nxd4 Nf6 5. Nc3 a6 6. Be2 e5 7. Nb3 Be6 8. 0-0 Be7 9. Be3 0-0 10. f4 Qc7 11. f5 Bc4 12. g4 d5 13. Bxc4 Qxc4 14. Nd2 Qc6 15. exd5 Nxd5 16. Nxd5 Qxd5 17. Qf3 Qxf3 18. Rxf3 f6 19. Nb3 Rd8 20. Bb6 Rd7 21. Kf2 Nc6 22. Rd3 Rxd3 23. cxd3 Nb4 24. Ke2 Nd5 25. Be3 Rc8 26. Rc1 Rxc1 27. Nxc1 Nxe3 28. Kxe3 Kf8 29. Ke4 Ke8 30. Kd5 Kd7 31. h4 g6 32. Ne2 gxf5 33. gxf5 h5 34. Ng3 Bb4 35. Nxh5 Ke7 36. Ng7 1-0

[Event "Catalunya-ch Seniors"]
[Site "Vila Seca"]
[Date "2016.05.22"]
[Round "2"]
[White "Franquet Escriba, Joan"]
[Black "Pera Lucas, Eugeni"]
[Result "1/2-1/2"]
[WhiteElo "2067"]
[BlackElo "1958"]
[PlyCount "34"]
[EventDate "2016.05.21"]
[EventType "swiss"]
[EventRounds "9"]
[EventCountry "ESP"]
[SourceTitle "CBM 172 Extra"]
[Source "ChessBase"]
[SourceDate "2016.06.21"]
[SourceVersion "1"]
[SourceVersionDate "2016.06.21"]
[SourceQuality "1"]

1. e4 e5 2. Nf3 Nc6 3. d4 exd4 4. Nxd4 Nf6 5. Nxc6 bxc6 6. Nc3 Bb4 7. Bd3 d5 8. exd5 cxd5 9. 0-0 0-0 10. Bg5 c6 11. Qf3 Bg4 12. Qg3 Bh5 13. Qh4 Bxc3 14. bxc3 Bg6 15. Bxf6 Qxf6 16. Qxf6 gxf6 17. Rab1 Rab8 1/2-1/2

[Event "Lleida Regional-ch"]
[Site "Lleida"]
[Date "2015.11.01"]
[Round "5"]
[White "Pera Lucas, Eugeni"]
[Black "Monfa Sole, Ramon"]
[Result "1-0"]
[WhiteElo "1963"]
[BlackElo "2178"]
[PlyCount "71"]
[EventDate "2015.09.27"]
[EventType "swiss"]
[EventRounds "9"]
[EventCountry "ESP"]
[SourceTitle "EXT 2017"]
[Source "ChessBase"]
[SourceDate "2016.10.25"]
[SourceVersion "1"]
[SourceVersionDate "2016.10.25"]
[SourceQuality "1"]

1. e4 c6 2. d4 Na6 3. Nf3 d6 4. Nc3 Nc7 5. Bd3 Nf6 6. 0-0 g6 7. Ne2 Bg7 8. Ng3 Bg4 9. c3 e5 10. h3 Bxf3 11. Qxf3 0-0 12. Be3 d5 13. Rad1 dxe4 14. Nxe4 Nxe4 15. Bxe4 f5 16. Bc2 e4 17. Qe2 Kh8 18. Qd2 Qh4 19. Bg5 Qh5 20. Rde1 Ne6 21. h4 Bf6 22. f4 Bxg5 23. hxg5 Qh4 24. Qe3 h6 25. g3 Qh3 26. Rf2 hxg5 27. Rh2 Qxh2+ 28. Kxh2 gxf4 29. gxf4 Kg7 30. Bb3 Rh8+ 31. Kg2 Nc7 32. Rh1 Nd5 33. Bxd5 cxd5 34. Rxh8 Rxh8 35. c4 Rd8 36. Qb3 1-0

[Event "Lleida Regional-ch"]
[Site "Lleida"]
[Date "2015.10.04"]
[Round "2"]
[White "Pera Lucas, Eugeni"]
[Black "Rodriguez Moles, Julian"]
[Result "0-1"]
[WhiteElo "1963"]
[BlackElo "2070"]
[PlyCount "76"]
[EventDate "2015.09.27"]
[EventType "swiss"]
[EventRounds "9"]
[EventCountry "ESP"]
[SourceTitle "EXT 2017"]
[Source "ChessBase"]
[SourceDate "2016.10.25"]
[SourceVersion "1"]
[SourceVersionDate "2016.10.25"]
[SourceQuality "1"]

1. e4 d5 2. exd5 Qxd5 3. Nc3 Qa5 4. Nf3 Nf6 5. Bc4 Bf5 6. a3 e6 7. h3 Nbd7 8. Nd4 Qe5+ 9. Nde2 Ne4 10. d4 Nxc3 11. bxc3 Qe4 12. 0-0 Qxc2 13. Qe1 Qa4 14. Ba2 Bd6 15. f4 Bd3 16. Rf3 Bc4 17. Bb1 Nf6 18. Ng3 g6 19. Kh2 0-0-0 20. Qf2 h5 21. Bc2 Qc6 22. Kg1 Bd5 23. a4 Bxf3 24. gxf3 Qxc3 25. Rb1 Nd5 26. Ne4 Qc6 27. Bd3 Nxf4 28. Nxd6+ Qxd6 29. Bxf4 Qxf4 30. Be4 b6 31. a5 Rd6 32. Rb4 f5 33. Bd3 Rhd8 34. axb6 cxb6 35. Qe1 h4 36. Qc3+ Kb7 37. Qe1 Qg3+ 38. Qxg3 hxg3 0-1

[Event "Lleida Province-ch"]
[Site "Tornabous"]
[Date "2014.10.12"]
[Round "2"]
[White "Pera Lucas, Eugeni"]
[Black "Campos Olaya, Israel"]
[Result "0-1"]
[WhiteElo "2044"]
[BlackElo "2333"]
[PlyCount "64"]
[EventDate "2014.10.05"]
[EventType "swiss"]
[EventRounds "9"]
[EventCountry "ESP"]
[SourceTitle "CBM 163 Extra"]
[Source "ChessBase"]
[SourceDate "2014.12.23"]
[SourceVersion "1"]
[SourceVersionDate "2014.12.23"]
[SourceQuality "1"]

1. e4 e5 2. Nf3 Nc6 3. Bc4 Nf6 4. d4 exd4 5. e5 d5 6. Bb5 Ne4 7. Nxd4 Bc5 8. Be3 Bd7 9. Bxc6 bxc6 10. 0-0 Qe7 11. c3 Qxe5 12. Re1 Bd6 13. Nf3 Qh5 14. Nbd2 0-0 15. Nf1 f5 16. Ng3 Qg6 17. Bd4 Rae8 18. Nh4 Qg5 19. Nf3 Qh6 20. Nf1 Kh8 21. b4 Re6 22. Qc1 Qh5 23. Ng3 Nxg3 24. Rxe6 Bxe6 25. fxg3 f4 26. gxf4 Rxf4 27. Qe3 Bg4 28. Be5 Bxe5 29. Qxe5 Rc4 30. Qxh5 Bxh5 31. Kf2 Kg8 32. Rc1 Bxf3 0-1

[Event "Lleida Province-ch"]
[Site "Balaguer"]
[Date "2013.11.17"]
[Round "7"]
[White "Pera Lucas, Eugeni"]
[Black "Sole Pijuan, Ferran"]
[Result "1-0"]
[WhiteElo "1934"]
[BlackElo "1805"]
[PlyCount "103"]
[EventDate "2013.10.06"]
[EventType "swiss"]
[EventRounds "9"]
[EventCountry "ESP"]
[SourceTitle "CBM 157 Extra"]
[Source "ChessBase"]
[SourceDate "2013.12.19"]
[SourceVersion "1"]
[SourceVersionDate "2013.12.19"]
[SourceQuality "1"]

1. e4 e5 2. Nf3 Nc6 3. Bc4 Bc5 4. b4 Bb6 5. a4 a6 6. a5 Ba7 7. c3 Nf6 8. d3 d6 9. 0-0 h6 10. Qe2 0-0 11. Be3 Bxe3 12. fxe3 Be6 13. Nbd2 d5 14. exd5 Bxd5 15. e4 Bxc4 16. Nxc4 Qe7 17. Ne3 Qe6 18. Nh4 Ne7 19. Nhf5 Nxf5 20. Nxf5 Rad8 21. Qf3 Kh7 22. Rf2 g6 23. Ng3 Kg7 24. Raf1 Ng4 25. Nf5+ Kh8 26. Qxg4 gxf5 27. exf5 Qf6 28. Qe4 c6 29. Re2 Rd5 30. Rfe1 Rfd8 31. Re3 Qd6 32. Qh4 Qf8 33. Rd1 Kh7 34. f6 Qd6 35. Rg3 Rg8 36. Rxg8 Kxg8 37. Qxh6 Qf8 38. Qg5+ Kh8 39. Re1 Qg8 40. Qf5 e4 41. Qh3+ Qh7 42. Qxh7+ Kxh7 43. d4 Kg6 44. Rxe4 Kxf6 45. g4 Rd7 46. Kf2 Kg5 47. Kg3 f6 48. h4+ Kg6 49. Kf4 Rd5 50. Re7 Rb5 51. h5+ Kh6 52. Rf7 1-0

[Event "Lleida Province-ch"]
[Site "Lleida"]
[Date "2011.10.16"]
[Round "3"]
[White "Trepat Herranz, Joan"]
[Black "Pera Lucas, Eugeni"]
[Result "1-0"]
[WhiteElo "2348"]
[BlackElo "1983"]
[PlyCount "57"]
[EventDate "2011.10.09"]
[EventType "swiss"]
[EventRounds "9"]
[EventCountry "ESP"]
[SourceTitle "EXT 2015"]
[Source "ChessBase"]
[SourceDate "2014.11.20"]
[SourceVersion "1"]
[SourceVersionDate "2014.11.20"]
[SourceQuality "1"]

1. d4 d5 2. c4 c6 3. Nf3 Nf6 4. e3 e6 5. b3 Bb4+ 6. Nbd2 0-0 7. Bd3 Ne4 8. 0-0 f5 9. a3 Bc3 10. Rb1 Ba5 11. Qc2 Nd7 12. b4 Bc7 13. b5 Ndf6 14. a4 g5 15. Ba3 Bd6 16. Bxd6 Nxd6 17. Nxg5 Nfe4 18. Ngf3 Bd7 19. bxc6 Bxc6 20. Rb2 Qe8 21. Ra1 f4 22. c5 fxe3 23. fxe3 Nf5 24. Nxe4 Nxe3 25. Qb1 Rxf3 26. gxf3 dxe4 27. Bxe4 Qh5 28. Bxc6 bxc6 29. Qe4 1-0